| Tag |
First Indicator |
Second Indicator |
Subfields |
| LEADER |
00000cam a2200000 4500 |
| 001 |
in00000367694 |
| 005 |
20151011074848.0 |
| 008 |
780327s1947 enk b 00100 eng |
| 010 |
|
|
|a 48016673
|
| 035 |
|
|
|a (OCoLC)03751750
|
| 035 |
|
|
|9 ABP5658AM
|
| 040 |
|
|
|a DLC
|c TXA
|d UtOrBLW
|
| 049 |
|
|
|a TXAM
|c [376597]
|
| 050 |
0 |
0 |
|a TK153
|b .M65
|
| 082 |
0 |
|
|a 621.31937
|
| 100 |
1 |
|
|a Molloy, Edward.
|
| 245 |
1 |
0 |
|a Electrical materials ;
|b a concise survey of the composition, properties, testing and applications of the conducting, insulating and magnetic materials used in the electrical industry.
|
| 264 |
|
1 |
|a London :
|b G. Newnes,
|c [1947]
|
| 300 |
|
|
|a 111 pages :
|b diagrams ;
|c 19 cm.
|
| 336 |
|
|
|a text
|b txt
|2 rdacontent
|
| 337 |
|
|
|a unmediated
|b n
|2 rdamedia
|
| 338 |
|
|
|a volume
|b nc
|2 rdacarrier
|
| 504 |
|
|
|a Includes bibliographical references.
|
| 650 |
|
0 |
|a Metals.
|
| 650 |
|
0 |
|a Electric insulators and insulation.
|
| 999 |
|
|
|a MARS
|
| 999 |
f |
f |
|s 5ec3c14f-b3fd-37b1-8f0a-f27d2434f49a
|i 032e3e16-5b6a-3093-8f52-3d2fd0c2eec4
|t 0
|
| 952 |
f |
f |
|p ric
|a Texas A&M University
|b Rellis Campus
|c Joint Library Facility
|d Remote Storage
|t 0
|e TK153 .M65
|h Library of Congress classification
|i unmediated -- volume
|m A14805459887
|
| 998 |
f |
f |
|a TK153 .M65
|t 0
|l Remote Storage
|